| 000 | 00701cab a2200253 4500 | ||
|---|---|---|---|
| 001 | WB3503-28 | ||
| 008 | 090401t1999 xxu||||| |||| 00| 0 eng d | ||
| 035 | _a(Sirsi) u90759 | ||
| 041 | _aeng | ||
| 245 | _aEuro mortgages | ||
| 260 | _c1999 | ||
| 350 | _a0 | ||
| 490 |
_aSunday Business _v17 January 1999, 26(1) |
||
| 520 | _aBarclays Bank and Abbey National are offering euro mortgages for people paid in euros who want to buy UK property. | ||
| 650 | _aABBEY NATIONAL | ||
| 650 | _aBARCLAYS BANK | ||
| 650 | _aEURO MORTGAGES | ||
| 650 | _aEUROS | ||
| 650 | _aMORTGAGE MARKET | ||
| 650 | _aSINGLE CURRENCY | ||
| 690 | _aHOUSING-HOUSING FINANCE | ||
| 942 | _n0 | ||
| 948 | _c19/01/1999 | ||
| 999 |
_c57555 _d57555 |
||